Yu-Gi-Oh! 5D's - Cartes signatures - Statistiques

Statistiques générales
  • Ce quiz a été pris 30 fois
  • Le résultat moyen est 13 sur 31
Statistiques - réponses
Indice Réponse % Correct
Dragon Nova Rouge Jack Atlas
86%
Dragon Quasar Filant Yusei Fudo
75%
Aile Noire - Maître des Armures Crow Hogan
71%
Dragon Rose Noire Aki Izayoi
68%
Dragon de Vitalité Lua
61%
Ancien Dragon Féerique Luca
61%
Canon Hallebarde T.G. Antinomy
54%
Dragon de la Vérité Corrompu Paradox
54%
Gardien Goyo Tetsu Ushio
50%
Metaion le Seigneur du Temps Z-one
50%
Mekanikle, Astre Meklord Aporia
46%
Esprit de la Terre Immortel Aslla piscu Carly Nagisa
46%
Chevalier de Fleur Sherry LeBlanc
46%
Esprit de la Terre Immortel Wiraqocha Rasca Rex Godwin
43%
Archdémon du Monde Mental Divine
39%
Odin, Dieu des Ases Harald
36%
Wisel, Empereur Meklord Placido
36%
Esprit de la Terre Immortel Uru Rudger Godwin
36%
Esprit de la Terre Immortel Chacu Challhua Bommer
32%
Licorne du Tonnerre André
29%
Esprit de la Terre Immortel Cusillu Demak
29%
Tricorne de la Foudre Jean
29%
Granel, Empereur Meklord José
29%
Dragon aux Cent Yeux Kyosuke Kiryu
29%
Skiel, Empereur Meklord Lucciano
29%
Esprit de la Terre Immortel Ccarayhua Misty Lola
29%
Thor, Seigneur des Ases Dragan
25%
Cavalier Crâne Infernal Mukuro Enjo
25%
Loki, Seigneur des Ases Brave
21%
Bicorne Vortex Breo
21%
Zushin le Géant Dormeur Équipe Taiyo
14%
Aucun quiz correspondant
Distribution des résultats
% des personnes avec chaque résultat
Percentile par nombre de réponses
Votre historique - résultats
Vous n’avez pas pris ce quiz